La Música a l'escola / ICE de la Universitat Politècnica de Barcelona
Publicado:
Barcelona :
Generalitat de Catalunya, Departament d'Ensenyament, Secretaria General ,
1983
Descripción Física:
118 p. . il. ; 30 cm
Colección:
Recursos didàctics ; 1
Materias:
Música -- Ensenyament
MARC
| LEADER | 00000nam a2200000Ia 4500 | ||
|---|---|---|---|
| 001 | 1145 | ||
| 008 | 160829s1983 xx 000 0 cat d | ||
| 080 | |a B-1-294 | ||
| 245 | |a La Música a l'escola / ICE de la Universitat Politècnica de Barcelona | ||
| 260 | |a Barcelona : |b Generalitat de Catalunya, Departament d'Ensenyament, Secretaria General, |c 1983 | ||
| 300 | |a 118 p. . il. ; |c 30 cm | ||
| 490 | |a Recursos didàctics ; 1 | ||
| 650 | |a Música |x Ensenyament |9 30125 | ||
| 710 | |a Catalunya. |b Departament d'Ensenyament |9 52899 | ||
| 710 | 2 | |a Universitat Politècnica de Catalunya |9 54344 | |
| 901 | |a Arxiu | ||
| 942 | |n 1 | ||
| 952 | |0 0 |1 0 |4 0 |6 B1294 |7 1 |9 46662 |a Arxiu |b Arxiu |d 2016-12-01 |l 0 |o B-1-294 |p 1145 |r 2016-12-01 00:00:00 |w 2016-12-01 |y ARXIU | ||
| 999 | |c 50455 |d 50455 | ||